|
|
|
|
| LEADER |
00710nab a2200169 i 4500 |
| 001 |
univ51148 |
| 005 |
20190826122454.0 |
| 008 |
190823s2019 hu o 0|| zxx d |
| 040 |
|
|
|a SZTE UnivHistória Repozitórium
|b hun
|
| 041 |
|
|
|a zxx
|
| 245 |
0 |
0 |
|a Új helyre költözik a klinika kemoterápiás kezelőrészlege
|h [elektronikus dokumentum]
|
| 260 |
|
|
|c 2019-08-23
|
| 300 |
|
|
|a 2
|
| 490 |
0 |
|
|a Délmagyarország
|v 109 No. 195
|
| 561 |
|
|
|a Egyetemi hirarchívum
|
| 695 |
|
|
|a Általános Orvostudományi Kar, Szent-Györgyi Albert Klinikai Központ, Onkoterápiás Klinika - kemoterápiás részleg, Betegellátás - kemoterápiás kezelés
|
| 856 |
4 |
0 |
|u http://univ.bibl.u-szeged.hu/51148/1/10497029.pdf
|z Dokumentum-elérés
|